[Event "TUR-chT 1st League"]
[Site "Konya"]
[Date "2022.08.28"]
[Round "9.6"]
[White "Demir, Baran"]
[Black "Keler, Faruk"]
[Result "1/2-1/2"]
[WhiteElo "2144"]
[BlackElo "2246"]
[PlyCount "121"]
[EventDate "2022.08.22"]
[EventType "team-swiss"]
[EventRounds "9"]
[EventCountry "TUR"]
[SourceTitle "CBM 209 Extra"]
[Source "ChessBase"]
[SourceDate "2022.09.30"]
[SourceVersion "1"]
[SourceVersionDate "2022.09.30"]
[SourceQuality "1"]
[WhiteTeam "Karsiyaka Ihtisas"]
[BlackTeam "Varyant Genclik"]
[WhiteTeamCountry "TUR"]
[BlackTeamCountry "TUR"]

1. d4 Nf6 2. c4 e6 3. Nc3 d5 4. cxd5 exd5 5. Bg5 Nbd7 6. e3 c6 7. Bd3 Be7 8. Qc2 Nh5 9. Bxe7 Qxe7 10. 0-0-0 Nb6 11. h3 g6 12. Kb1 Ng7 13. g4 h5 14. Nf3 Be6 15. Ne5 0-0-0 16. f4 Nc4 17. Bxc4 dxc4 18. e4 hxg4 19. d5 cxd5 20. Nxd5 Rxd5 21. Rxd5 Bxd5 22. exd5 Qc5 23. Nxg4 Qxd5 24. Rc1 Kb8 25. Qxc4 Qf5+ 26. Ka1 Rc8 27. Qxc8+ Qxc8 28. Rxc8+ Kxc8 29. Ne5 Nh5 30. Nxf7 Nxf4 31. Ng5 Kd7 32. Kb1 Ke7 33. Kc2 Kf6 34. Ne4+ Kf5 35. Nd6+ Ke5 36. Nxb7 Nxh3 37. Kd3 Kf4 38. Nc5 Kf3 39. Nd7 Nf2+ 40. Kd4 g5 41. Nf6 Kf4 42. b4 Kf5 43. Nd5 g4 44. Ne3+ Ke6 45. a4 g3 46. b5 Ng4 47. Ng2 Kd6 48. a5 Ne5 49. Ne3 Nf3+ 50. Ke4 Nd2+ 51. Kd3 Nf1 52. Ng2 Kc5 53. b6 axb6 54. axb6 Kxb6 55. Ke4 Kc5 56. Nf4 Nh2 57. Nd3+ Kc4 58. Ne1 Kc3 59. Kf4 Nf1 60. Kf3 Kd2 61. Ng2 1/2-1/2

[Event "TUR-chT 1st League"]
[Site "Konya"]
[Date "2022.08.26"]
[Round "7.8"]
[White "Keler, Faruk"]
[Black "Tirak, Mert"]
[Result "1-0"]
[WhiteElo "2246"]
[BlackElo "1885"]
[PlyCount "61"]
[EventDate "2022.08.22"]
[EventType "team-swiss"]
[EventRounds "9"]
[EventCountry "TUR"]
[SourceTitle "CBM 209 Extra"]
[Source "ChessBase"]
[SourceDate "2022.09.30"]
[SourceVersion "1"]
[SourceVersionDate "2022.09.30"]
[SourceQuality "1"]
[WhiteTeam "Varyant Genclik"]
[BlackTeam "Bogazici Universitesi"]
[WhiteTeamCountry "TUR"]
[BlackTeamCountry "TUR"]

1. e4 c5 2. Nf3 d6 3. Bb5+ Bd7 4. c4 Nf6 5. Nc3 e5 6. Bxd7+ Qxd7 7. d3 Nc6 8. Bg5 Be7 9. Bxf6 Bxf6 10. Nd5 Bd8 11. 0-0 f5 12. a3 f4 13. b4 g5 14. Nxg5 h5 15. Nf3 Be7 16. bxc5 dxc5 17. Kh1 0-0-0 18. Qa4 Bd6 19. Rab1 Rh6 20. Rb2 Rg8 21. Rfb1 Qg4 22. Ne1 Bb8 23. Rxb7 Qe2 24. Ne7+ Kd8 25. Nxc6+ Rxc6 26. Rxb8+ Ke7 27. Qxa7+ Kf6 28. Nf3 Rg7 29. Rf8+ Kg6 30. Nxe5+ Kh6 31. Rh8+ 1-0

[Event "TUR-chT 1st League"]
[Site "Konya"]
[Date "2022.08.23"]
[Round "2.5"]
[White "Keler, Faruk"]
[Black "Ozates, Tuna"]
[Result "0-1"]
[WhiteElo "2246"]
[BlackElo "2228"]
[PlyCount "36"]
[EventDate "2022.08.22"]
[EventType "team-swiss"]
[EventRounds "9"]
[EventCountry "TUR"]
[SourceTitle "CBM 209 Extra"]
[Source "ChessBase"]
[SourceDate "2022.09.30"]
[SourceVersion "1"]
[SourceVersionDate "2022.09.30"]
[SourceQuality "1"]
[WhiteTeam "Varyant Genclik"]
[BlackTeam "Samandag Altin"]
[WhiteTeamCountry "TUR"]
[BlackTeamCountry "TUR"]

1. e4 e5 2. Nf3 Nc6 3. Bb5 Nge7 4. c3 g6 5. d4 exd4 6. cxd4 a6 7. Ba4 b5 8. Bb3 Bg7 9. d5 Na5 10. Bd2 Nxb3 11. Qxb3 d6 12. Bc3 f6 13. 0-0 0-0 14. Ba5 Kh8 15. Rc1 Ra7 16. Qc2 f5 17. Bc3 fxe4 18. Qxe4 Ra8 0-1

[Event "TUR-chT"]
[Site "Konya"]
[Date "2019.07.25"]
[Round "9.5"]
[White "Firat, Burak"]
[Black "Keler, Faruk"]
[Result "1-0"]
[WhiteElo "2463"]
[BlackElo "2263"]
[PlyCount "91"]
[EventDate "2019.07.17"]
[EventType "team-tourn"]
[EventRounds "13"]
[EventCountry "TUR"]
[SourceTitle "CBM 191 Extra"]
[Source "ChessBase"]
[SourceDate "2019.09.30"]
[SourceVersion "1"]
[SourceVersionDate "2019.09.30"]
[SourceQuality "1"]
[WhiteTeam "Tatvan Egitimi"]
[BlackTeam "Rota Koleji Dernegi"]
[WhiteTeamCountry "TUR"]
[BlackTeamCountry "TUR"]

1. e4 e5 2. Nf3 Nf6 3. d4 Nxe4 4. Bd3 d5 5. Nxe5 Nd7 6. Nxd7 Bxd7 7. 0-0 Bd6 8. Nc3 Nxc3 9. bxc3 0-0 10. Qh5 f5 11. Re1 c6 12. Bg5 Qc7 13. Re3 g6 14. Qh6 Rae8 15. Rae1 Rxe3 16. Rxe3 Re8 17. c4 Rxe3 18. Bxe3 Be6 19. c5 Bf8 20. Qh4 Be7 21. Qh6 Bf8 22. Qh4 Be7 23. Bg5 Bf8 24. Bf4 Qe7 25. Bg5 Qc7 26. Bf4 Qe7 27. Qg3 b6 28. Bd6 Qf6 29. Bxf8 f4 30. Be7 Qxe7 31. Qxf4 bxc5 32. Qb8+ Kg7 33. Qe5+ Kf7 34. dxc5 Qxc5 35. Qh8 Bf5 36. Qxh7+ Kf6 37. Qh8+ Ke6 38. Qe8+ Kf6 39. Qd8+ Ke6 40. Qg8+ Kf6 41. Qd8+ Ke6 42. Qe8+ Kf6 43. Bxf5 Kxf5 44. Qf7+ Kg5 45. g3 Qd4 46. Qe7+ 1-0

[Event "TUR-chT"]
[Site "Konya"]
[Date "2019.07.25"]
[Round "10.4"]
[White "Keler, Faruk"]
[Black "Secer, Ata"]
[Result "0-1"]
[WhiteElo "2263"]
[BlackElo "2324"]
[PlyCount "74"]
[EventDate "2019.07.17"]
[EventType "team-tourn"]
[EventRounds "13"]
[EventCountry "TUR"]
[SourceTitle "CBM 191 Extra"]
[Source "ChessBase"]
[SourceDate "2019.09.30"]
[SourceVersion "1"]
[SourceVersionDate "2019.09.30"]
[SourceQuality "1"]
[WhiteTeam "Rota Koleji Dernegi"]
[BlackTeam "Hatay Buyuksehir"]
[WhiteTeamCountry "TUR"]
[BlackTeamCountry "TUR"]

1. Nf3 d5 2. g3 Nf6 3. Bg2 g6 4. d4 Bg7 5. 0-0 0-0 6. c4 dxc4 7. Na3 Nc6 8. Nxc4 Be6 9. Nce5 Bd5 10. Bf4 Nxe5 11. Bxe5 c6 12. Qc2 Be4 13. Qb3 Qb6 14. Qa3 Nd5 15. Bxg7 Kxg7 16. e3 Qb4 17. Qxb4 Nxb4 18. Ne5 Bxg2 19. Kxg2 Rfd8 20. Rfc1 f6 21. Nc4 c5 22. dxc5 Nd3 23. Rd1 Nxc5 24. Na5 Rac8 25. Rxd8 Rxd8 26. Rc1 b6 27. Nc4 Nd3 28. Rc3 f5 29. Kf1 e5 30. b3 e4 31. Na3 Ne5 32. Rc7+ Kh6 33. Ke2 Nf3 34. Nb1 Nxh2 35. Rxa7 Nf3 36. a4 Rd3 37. Na3 Rd2+ 0-1

[Event "TUR-chT"]
[Site "Konya"]
[Date "2019.07.18"]
[Round "2.2"]
[White "Tarlabasi, Emirhan"]
[Black "Keler, Faruk"]
[Result "1-0"]
[WhiteElo "2352"]
[BlackElo "2263"]
[PlyCount "105"]
[EventDate "2019.07.17"]
[EventType "team-tourn"]
[EventRounds "13"]
[EventCountry "TUR"]
[SourceTitle "CBM 191 Extra"]
[Source "ChessBase"]
[SourceDate "2019.09.30"]
[SourceVersion "1"]
[SourceVersionDate "2019.09.30"]
[SourceQuality "1"]
[WhiteTeam "Tas Duvar"]
[BlackTeam "Rota Koleji Dernegi"]
[WhiteTeamCountry "TUR"]
[BlackTeamCountry "TUR"]

1. d4 d5 2. c4 e6 3. Nc3 Nf6 4. Nf3 Be7 5. Bf4 0-0 6. e3 c5 7. dxc5 Bxc5 8. cxd5 exd5 9. Bd3 Nc6 10. 0-0 Bg4 11. h3 Bh5 12. g4 Bg6 13. Bxg6 fxg6 14. Qb3 Bb4 15. Rad1 Bxc3 16. bxc3 Na5 17. Qb5 a6 18. Qd3 Nc4 19. Qd4 Ne4 20. Ne5 Rc8 21. Nxc4 Rxc4 22. Qxd5+ Qxd5 23. Rxd5 Nxc3 24. Rd2 h5 25. gxh5 gxh5 26. f3 Rf5 27. h4 Rd5 28. Rxd5 Nxd5 29. Bg5 Ra4 30. Rd1 Nc3 31. Rd8+ Kh7 32. Rd7 b5 33. Bf6 Ne2+ 34. Kf1 Rxa2 35. Rxg7+ Kh6 36. Rg2 Nc1 37. Bb2 b4 38. Bxc1 Ra1 39. Rc2 b3 40. Rc6+ Kh7 41. Ke2 a5 42. Kd3 Ra2 43. Rb6 a4 44. Rb4 Ra1 45. Bb2 Rb1 46. Kc3 Re1 47. Re4 Re2 48. Ba3 Rc2+ 49. Kd3 Rf2 50. Rxa4 Rxf3 51. Rb4 Rh3 52. Rb7+ Kg6 53. Be7 1-0

[Event "Marmaris Karya 5th"]
[Site "Marmaris"]
[Date "2019.03.12"]
[Round "8.2"]
[White "Szabo, Bence"]
[Black "Keler, Faruk"]
[Result "1-0"]
[WhiteElo "2376"]
[BlackElo "2291"]
[PlyCount "71"]
[EventDate "2019.03.09"]
[EventType "schev"]
[EventRounds "10"]
[EventCountry "TUR"]
[SourceTitle "CBM 189 Extra"]
[Source "ChessBase"]
[SourceDate "2019.06.03"]
[SourceVersion "1"]
[SourceVersionDate "2019.06.03"]
[SourceQuality "1"]
[WhiteTeam "Blue Team"]
[BlackTeam "Red Team"]
[WhiteTeamCountry "TUR"]
[BlackTeamCountry "TUR"]

1. c4 e6 2. Nf3 d5 3. g3 Nf6 4. Bg2 Be7 5. 0-0 0-0 6. b3 c5 7. Bb2 Nc6 8. e3 b6 9. Qe2 Bb7 10. d3 dxc4 11. bxc4 Qc7 12. Nc3 Nd7 13. Rad1 Bf6 14. Ne1 a6 15. f4 b5 16. cxb5 axb5 17. Nxb5 Qb8 18. Bxf6 Nxf6 19. Ra1 Na7 20. Bxb7 Qxb7 21. Nd6 Qd5 22. Nc4 Rfb8 23. Nf3 Nc6 24. Rfb1 Rxb1+ 25. Rxb1 h6 26. Rb3 Ra6 27. a3 Na5 28. Rb8+ Kh7 29. Nce5 Ra7 30. Rf8 Nb3 31. Qf1 g6 32. e4 Qd6 33. Rxf7+ Rxf7 34. Nxf7 Qa6 35. Qh3 Ng8 36. N7g5+ 1-0

[Event "TUR-chT"]
[Site "Ankara"]
[Date "2018.07.29"]
[Round "5.3"]
[White "Keler, Faruk"]
[Black "Soysal, Serkan"]
[Result "1/2-1/2"]
[WhiteElo "2286"]
[BlackElo "2406"]
[PlyCount "72"]
[EventDate "2018.07.25"]
[EventType "team-tourn"]
[EventRounds "13"]
[EventCountry "TUR"]
[SourceTitle "CBM 185 Extra"]
[Source "ChessBase"]
[SourceDate "2018.07.29"]
[SourceVersion "1"]
[SourceVersionDate "2018.07.29"]
[SourceQuality "1"]
[WhiteTeam "Rota Koleji Dernegi"]
[BlackTeam "Kahramanmaras Buyuksehir"]
[WhiteTeamCountry "TUR"]
[BlackTeamCountry "TUR"]

1. e4 e5 2. Nf3 Nc6 3. Bb5 a6 4. Ba4 g6 5. d4 exd4 6. Bg5 Be7 7. Bxe7 Qxe7 8. Bxc6 bxc6 9. Qxd4 Nf6 10. Nc3 0-0 11. e5 Nd5 12. Nxd5 cxd5 13. Qxd5 Qb4+ 14. Qd2 Qxb2 15. 0-0 Rb8 16. Qh6 f6 17. Rad1 d6 18. exd6 cxd6 19. Rxd6 Qxc2 20. Rd2 Qc7 21. h3 Be6 22. Re1 Rfe8 23. Rde2 Bf7 24. Rxe8+ Rxe8 25. Rxe8+ Bxe8 26. Qe3 Bf7 27. a3 Qd6 28. Qc3 Qd1+ 29. Kh2 Qd6+ 30. Kg1 Kg7 31. Qe3 a5 32. Qc3 a4 33. Nd4 h5 34. Nb5 Qd1+ 35. Kh2 Qe2 36. Qc5 h4 1/2-1/2

[Event "TUR-chT"]
[Site "Ankara"]
[Date "2018.07.29"]
[Round "6.3"]
[White "Yurtseven, Melih"]
[Black "Keler, Faruk"]
[Result "1-0"]
[WhiteElo "2404"]
[BlackElo "2286"]
[PlyCount "89"]
[EventDate "2018.07.25"]
[EventType "team-tourn"]
[EventRounds "13"]
[EventCountry "TUR"]
[SourceTitle "CBM 185 Extra"]
[Source "ChessBase"]
[SourceDate "2018.07.29"]
[SourceVersion "1"]
[SourceVersionDate "2018.07.29"]
[SourceQuality "1"]
[WhiteTeam "Deniz su Aquamatch"]
[BlackTeam "Rota Koleji Dernegi"]
[WhiteTeamCountry "TUR"]
[BlackTeamCountry "TUR"]

1. d4 d5 2. c4 e6 3. Nc3 Nf6 4. Nf3 c6 5. g3 dxc4 6. Bg2 b5 7. Ne5 Qb6 8. 0-0 Bb7 9. e4 c5 10. d5 exd5 11. Nxd5 Nxd5 12. exd5 Bd6 13. Nxf7 0-0 14. Nxd6 Qxd6 15. Bf4 Qd7 16. Qh5 Na6 17. a3 Rf5 18. Qg4 Bxd5 19. Rad1 Qf7 20. Rxd5 Rxd5 21. Rd1 h5 22. Bxd5 Qxd5 23. Qxg7+ Kxg7 24. Rxd5 Rc8 25. Rd7+ Kg8 26. Rxa7 Rc6 27. Rb7 b4 28. Kf1 Re6 29. h3 Re4 30. axb4 Nxb4 31. Bd2 Nd3 32. h4 Re5 33. Bc3 Rf5 34. f4 Rd5 35. Rg7+ Kf8 36. Rh7 Ke8 37. Ke2 Nc1+ 38. Kf3 Rd3+ 39. Kf2 Rd5 40. Rg7 Na2 41. Bf6 Rd6 42. Be5 Rd3 43. Rh7 Rd2+ 44. Kf3 Rd3+ 45. Ke4 1-0

[Event "TUR-chT"]
[Site "Ankara"]
[Date "2018.07.25"]
[Round "1.1"]
[White "Keler, Faruk"]
[Black "Apaydin, Fethi"]
[Result "0-1"]
[WhiteElo "2286"]
[BlackElo "2353"]
[PlyCount "124"]
[EventDate "2018.07.25"]
[EventType "team-tourn"]
[EventRounds "13"]
[EventCountry "TUR"]
[SourceTitle "CBM 185 Extra"]
[Source "ChessBase"]
[SourceDate "2018.07.29"]
[SourceVersion "1"]
[SourceVersionDate "2018.07.29"]
[SourceQuality "1"]
[WhiteTeam "Rota Koleji Dernegi"]
[BlackTeam "Besiktas Jimnastik"]
[WhiteTeamCountry "TUR"]
[BlackTeamCountry "TUR"]

1. d4 Nf6 2. Nf3 g6 3. g3 Bg7 4. Bg2 0-0 5. 0-0 d6 6. b3 Nbd7 7. Bb2 Re8 8. c4 c6 9. Nc3 e5 10. e4 exd4 11. Nxd4 Nc5 12. Qc2 a5 13. Rad1 Qb6 14. Nde2 a4 15. Nxa4 Nxa4 16. bxa4 Qb4 17. Nc3 Be6 18. Qb3 Qxc4 19. Qxc4 Bxc4 20. Rfe1 d5 21. exd5 Rxe1+ 22. Rxe1 Nxd5 23. Nxd5 cxd5 24. Bxg7 Kxg7 25. Rd1 Ra5 26. Rd2 Kf6 27. f4 h5 28. Rb2 Rxa4 29. Rb6+ Kg7 30. Rxb7 Rxa2 31. Bh3 Re2 32. Rb1 Bd3 33. Rb7 Bc4 34. Rb1 Rd2 35. Rb4 Rd1+ 36. Kf2 Rd2+ 37. Kg1 Ba2 38. Bf1 Kf6 39. Bh3 d4 40. Rb6+ Ke7 41. f5 gxf5 42. Bxf5 Bd5 43. Bh3 Rd1+ 44. Kf2 Rh1 45. Bf1 Rxh2+ 46. Ke1 h4 47. gxh4 Rxh4 48. Kd2 Be4 49. Rb4 Bg6 50. Be2 Kd6 51. Ra4 Ke5 52. Ra5+ Kf4 53. Ra4 Kg3 54. Ra3+ d3 55. Bd1 Kf2 56. Ra6 Rf4 57. Rd6 Be4 58. Bb3 f5 59. Bc4 Rf3 60. Bb3 Re3 61. Bd1 Re2+ 62. Kc1 Ke3 0-1

[Event "TUR-chT 1st League"]
[Site "Konya"]
[Date "2017.07.22"]
[Round "8.2"]
[White "Keler, Faruk"]
[Black "Uzunoglu, Efe Kerem"]
[Result "1-0"]
[WhiteElo "2262"]
[BlackElo "2058"]
[PlyCount "65"]
[EventDate "2017.07.17"]
[EventType "team-swiss"]
[EventRounds "9"]
[EventCountry "TUR"]
[SourceTitle "CBM 179 Extra"]
[Source "ChessBase"]
[SourceDate "2017.08.23"]
[SourceVersion "1"]
[SourceVersionDate "2017.08.23"]
[SourceQuality "1"]
[WhiteTeam "Izmir Rota Koleji"]
[BlackTeam "Denizli Metin Surmeli"]
[WhiteTeamCountry "TUR"]
[BlackTeamCountry "TUR"]

1. d4 Nf6 2. Nf3 g6 3. g3 Bg7 4. Bg2 0-0 5. 0-0 d5 6. c4 dxc4 7. Na3 c3 8. bxc3 c5 9. Ne5 Nd5 10. Bd2 Nc6 11. Nxc6 bxc6 12. Nc4 Be6 13. Ne5 Qc7 14. e4 Nb6 15. Bf4 g5 16. Be3 Rad8 17. Qc1 f6 18. Nd3 cxd4 19. cxd4 Nc4 20. Nc5 Bf7 21. Bh3 Nxe3 22. fxe3 Rd6 23. Rb1 Rb8 24. Rxb8+ Qxb8 25. Qc2 g4 26. Bxg4 Bh6 27. Kf2 Qb4 28. Rb1 Qc4 29. Qxc4 Bxc4 30. Rb8+ Kg7 31. Rb7 Kf8 32. Rxa7 e5 33. Nb7 1-0

[Event "TUR-chT"]
[Site "Izmir"]
[Date "2016.07.26"]
[Round "2.4"]
[White "Keler, Faruk"]
[Black "Heberla, Bartlomiej"]
[Result "0-1"]
[WhiteElo "2278"]
[BlackElo "2543"]
[PlyCount "84"]
[EventDate "2016.07.25"]
[EventType "team-swiss"]
[EventRounds "13"]
[EventCountry "TUR"]
[SourceTitle "CBM 173 Extra"]
[Source "ChessBase"]
[SourceDate "2016.08.29"]
[SourceVersion "1"]
[SourceVersionDate "2016.08.29"]
[SourceQuality "1"]
[WhiteTeam "Tarsus Zeka"]
[BlackTeam "Turk Hava Yollari"]
[WhiteTeamCountry "TUR"]
[BlackTeamCountry "TUR"]

1. e4 c5 2. Nf3 e6 3. d4 cxd4 4. Nxd4 Nf6 5. Nc3 d6 6. g3 Be7 7. Bg2 0-0 8. 0-0 Nc6 9. a4 Bd7 10. Nb3 Rc8 11. f4 Na5 12. Nd4 Qb6 13. Kh1 Rc4 14. Nce2 Rxa4 15. Rxa4 Bxa4 16. b3 Bd7 17. Nc3 Rc8 18. Rf3 Nc6 19. Nxc6 Bxc6 20. Rd3 Qa5 21. Bd2 Qc7 22. g4 b5 23. g5 Nd7 24. b4 Qb7 25. Nd5 Nf8 26. Nxe7+ Qxe7 27. Bc3 d5 28. Rg3 dxe4 29. Qd4 e5 30. Qxe5 Qxe5 31. Bxe5 Rd8 32. Kg1 Ng6 33. Rc3 Ne7 34. f5 Ba8 35. f6 Ng6 36. Bg3 gxf6 37. gxf6 h5 38. h4 Rd1+ 39. Kf2 e3+ 40. Rxe3 Rd2+ 41. Ke1 Rxg2 42. Bf2 Bd5 0-1

[Event "TUR-chT"]
[Site "Kocaeli"]
[Date "2015.08.14"]
[Round "12.3"]
[White "Oz, Ozan"]
[Black "Keler, Faruk"]
[Result "1-0"]
[WhiteElo "1807"]
[BlackElo "2286"]
[PlyCount "99"]
[EventDate "2015.08.04"]
[EventType "team-tourn"]
[EventRounds "13"]
[EventCountry "TUR"]
[SourceTitle "CBM 167 Extra"]
[Source "ChessBase"]
[SourceDate "2015.09.14"]
[SourceVersion "1"]
[SourceVersionDate "2015.09.14"]
[SourceQuality "1"]
[WhiteTeam "Pamukkale Yonetimi"]
[BlackTeam "Tarsus Zeka"]
[WhiteTeamCountry "TUR"]
[BlackTeamCountry "TUR"]

1. d4 d5 2. Nc3 Nf6 3. Bf4 e6 4. Nf3 c5 5. e3 a6 6. dxc5 Bxc5 7. Bd3 0-0 8. 0-0 Nc6 9. e4 h6 10. e5 Nd7 11. Re1 f6 12. exf6 Qxf6 13. Bg3 Bb4 14. a3 Ba5 15. Bd6 Rd8 16. Qe2 Nf8 17. Bg3 Bxc3 18. bxc3 Qxc3 19. Ne5 Nxe5 20. Bxe5 Qc5 21. Qg4 Qe7 22. Re3 Nd7 23. Bxg7 Qxg7 24. Qxe6+ Kh8 25. Rae1 Rf8 26. Qd6 Nf6 27. Rg3 Ng4 28. Rge3 Nf6 29. Rg3 Ng4 30. Re7 Qa1+ 31. Bf1 Qf6 32. Rf3 Bf5 33. Qc7 Rac8 34. Qxb7 Rb8 35. Qa7 Rb1 36. Rh7+ Kg8 37. Rxf5 Ne3 38. Qxe3 Qxf5 39. Rxh6 Rf6 40. Qg3+ Kf7 41. Qc7+ Kg8 42. Qg3+ Kf7 43. Qc7+ Kg8 44. Qd8+ Rf8 45. Qh4 Kg7 46. Rxa6 Rfb8 47. g4 Qe5 48. Qh6+ Kf7 49. Qg6+ Ke7 50. Ra7+ 1-0

[Event "TUR-chT"]
[Site "Kocaeli"]
[Date "2015.08.08"]
[Round "5.6"]
[White "Ali Marandi, Cemil Can"]
[Black "Keler, Faruk"]
[Result "1/2-1/2"]
[WhiteElo "2414"]
[BlackElo "2286"]
[PlyCount "135"]
[EventDate "2015.08.04"]
[EventType "team-tourn"]
[EventRounds "13"]
[EventCountry "TUR"]
[SourceTitle "CBM 167 Extra"]
[Source "ChessBase"]
[SourceDate "2015.09.14"]
[SourceVersion "1"]
[SourceVersionDate "2015.09.14"]
[SourceQuality "1"]
[WhiteTeam "Hatay Buyuksehir"]
[BlackTeam "Tarsus Zeka"]
[WhiteTeamCountry "TUR"]
[BlackTeamCountry "TUR"]

1. e4 e5 2. Nf3 Nc6 3. Bb5 Nf6 4. d3 d6 5. 0-0 a6 6. Ba4 b5 7. Bb3 Na5 8. c4 Nxb3 9. axb3 bxc4 10. bxc4 Be7 11. h3 0-0 12. Nc3 h6 13. d4 exd4 14. Nxd4 Bd7 15. Re1 Re8 16. Bf4 Bf8 17. Qd3 g6 18. Rad1 Bg7 19. Qf3 Nh5 20. Bh2 Qb8 21. Re2 Qa7 22. Red2 Nf6 23. Bf4 Qb7 24. Re2 Nh5 25. Bc1 Be6 26. Qd3 Nf6 27. Nd5 Nd7 28. Qc2 Ne5 29. b3 Nc6 30. Nxc6 Qxc6 31. Bb2 Bxd5 32. Rxd5 Bxb2 33. Qxb2 a5 34. h4 a4 35. h5 Re6 36. hxg6 Rxg6 37. Re3 axb3 38. Qxb3 Qa4 39. Qb7 Qa7 40. Rb5 Qxb7 41. Rxb7 Rc8 42. f3 Rg5 43. Rb5 Ra8 44. Rc3 Ra1+ 45. Kh2 Ra2 46. Rxg5+ hxg5 47. c5 Rd2 48. Rb3 d5 49. Rb8+ Kg7 50. Rd8 c6 51. exd5 cxd5 52. c6 Rc2 53. Rxd5 Rxc6 54. Rxg5+ Kf8 55. Kg3 f6 56. Rb5 Kf7 57. Kg4 Kg6 58. f4 Rc4 59. g3 Ra4 60. Rb3 Rc4 61. Kf3 Rc1 62. Rb4 Rc3+ 63. Kg4 Rc6 64. f5+ Kh6 65. Re4 Rc1 66. Rd4 Ra1 67. Rb4 Rc1 68. Rd4 1/2-1/2

[Event "TUR-chT"]
[Site "Kocaeli"]
[Date "2014.08.28"]
[Round "12.6"]
[White "Keler, Faruk"]
[Black "Gurevich, Mikhail"]
[Result "1/2-1/2"]
[WhiteElo "2242"]
[BlackElo "2571"]
[PlyCount "29"]
[EventDate "2014.08.18"]
[EventType "team-tourn"]
[EventRounds "13"]
[EventCountry "TUR"]
[SourceTitle "CBM 162 Extra"]
[Source "ChessBase"]
[SourceDate "2014.10.17"]
[SourceVersion "1"]
[SourceVersionDate "2014.10.17"]
[SourceQuality "1"]
[WhiteTeam "Ankara Demirspor"]
[BlackTeam "Istanbul Teknik Uni"]
[WhiteTeamCountry "TUR"]
[BlackTeamCountry "TUR"]

1. d4 f5 2. g3 Nf6 3. Bg2 d6 4. Nf3 g6 5. 0-0 Bg7 6. b3 0-0 7. Bb2 Ne4 8. Nbd2 Nc6 9. Ne1 d5 10. Ndf3 f4 11. Nd3 fxg3 12. hxg3 Bf5 13. Nde5 Nxe5 14. Nxe5 e6 15. Qe1 1/2-1/2

[Event "Izmir op 12th"]
[Site "Izmir"]
[Date "2013.09.08"]
[Round "9"]
[White "Keler, Faruk"]
[Black "Tuncer, Tuna"]
[Result "1/2-1/2"]
[WhiteElo "2250"]
[BlackElo "1964"]
[PlyCount "129"]
[EventDate "2013.09.01"]
[EventType "swiss"]
[EventRounds "9"]
[EventCountry "TUR"]
[SourceTitle "CBM 156 Extra"]
[Source "ChessBase"]
[SourceDate "2013.10.22"]
[SourceVersion "1"]
[SourceVersionDate "2013.10.22"]
[SourceQuality "1"]

1. e4 c5 2. Nf3 d6 3. d4 cxd4 4. Nxd4 Nf6 5. Nc3 g6 6. Be3 Bg7 7. f3 0-0 8. Qd2 Nc6 9. 0-0-0 d5 10. exd5 Nxd5 11. Nxc6 bxc6 12. Bd4 e5 13. Bc5 Be6 14. Ne4 Re8 15. h4 h6 16. g4 Qc7 17. g5 h5 18. Bc4 Nf4 19. Bxe6 Nxe6 20. Bd6 Qb6 21. Nf6+ Bxf6 22. gxf6 Qd4 23. Qh6 Qf4+ 24. Qxf4 Nxf4 25. Rhe1 Ng2 26. Re4 Re6 27. Be7 Nf4 28. c4 Kh7 29. Kc2 g5 30. hxg5 Kg6 31. Bc5 Kxg5 32. Be3 Kf5 33. Rh1 Rh8 34. Bxa7 Kxf6 35. Rxf4+ exf4 36. Bd4+ Re5 37. Kc3 h4 38. a4 h3 39. a5 Kf5 40. Bxe5 Kxe5 41. b4 h2 42. a6 Kd6 43. Kd4 Kc7 44. a7 Kb7 45. Kc5 Rh5+ 46. Kd6 Rh6+ 47. Kd7 f5 48. Ra1 Ka8 49. Rh1 Kb7 50. a8Q+ Kxa8 51. Kc7 Rh7+ 52. Kxc6 Ka7 53. Kd5 Kb6 54. Ke5 Rh3 55. Kxf4 Kc6 56. Ke3 Rh4 57. f4 Kd6 58. Kf3 Kc6 59. Ke3 Kd6 60. Kd3 Kc6 61. Kc3 Kd6 62. Kb3 Kc6 63. Kc3 Kd6 64. Kd3 Kc6 65. Ke3 1/2-1/2

[Event "Izmir op 12th"]
[Site "Izmir"]
[Date "2013.09.07"]
[Round "8"]
[White "Soysal, Serkan"]
[Black "Keler, Faruk"]
[Result "1/2-1/2"]
[WhiteElo "1697"]
[BlackElo "2250"]
[PlyCount "55"]
[EventDate "2013.09.01"]
[EventType "swiss"]
[EventRounds "9"]
[EventCountry "TUR"]
[SourceTitle "CBM 156 Extra"]
[Source "ChessBase"]
[SourceDate "2013.10.22"]
[SourceVersion "1"]
[SourceVersionDate "2013.10.22"]
[SourceQuality "1"]

1. e4 c5 2. Nf3 d6 3. d4 cxd4 4. Nxd4 Nf6 5. Nc3 a6 6. Bg5 Nbd7 7. Bc4 Qb6 8. Bb3 e6 9. Qd2 Be7 10. 0-0-0 Nc5 11. Rhe1 h6 12. Bxf6 Bxf6 13. f4 Bd7 14. Nf3 Be7 15. e5 dxe5 16. Nxe5 Rd8 17. Kb1 0-0 18. Qf2 Qc7 19. f5 Nxb3 20. Nxd7 Rxd7 21. axb3 Rxd1+ 22. Rxd1 Bb4 23. fxe6 fxe6 24. Qe3 Bxc3 25. bxc3 Qxh2 26. Qxe6+ Kh8 27. Qe7 Rb8 28. Rd8+ 1/2-1/2

[Event "TUR-chT"]
[Site "Konya"]
[Date "2012.07.22"]
[Round "13"]
[White "Rasulov, Vugar Ural Oglu"]
[Black "Keler, Faruk"]
[Result "1/2-1/2"]
[WhiteElo "2515"]
[BlackElo "2238"]
[PlyCount "52"]
[EventDate "2012.07.11"]
[EventType "team-tourn"]
[EventRounds "13"]
[EventCountry "TUR"]
[SourceTitle "CBM 149 Extra"]
[Source "ChessBase"]
[SourceDate "2012.08.24"]
[SourceVersion "1"]
[SourceVersionDate "2012.08.24"]
[SourceQuality "1"]
[WhiteTeam "Antalya Calli"]
[BlackTeam "Adana Truva"]
[WhiteTeamCountry "TUR"]
[BlackTeamCountry "TUR"]

1. e4 c5 2. Nf3 Nc6 3. d4 cxd4 4. Nxd4 Nf6 5. Nc3 e5 6. Ndb5 d6 7. Bg5 a6 8. Na3 b5 9. Nd5 Be7 10. Bxf6 Bxf6 11. c4 b4 12. Nc2 0-0 13. g3 Bg5 14. Bg2 Qa5 15. 0-0 Qc5 16. Qd3 a5 17. Rad1 Ra7 18. b3 Be6 19. h4 Bh6 20. Nde3 Bxe3 21. Nxe3 Nd4 22. f4 f6 23. Kh2 a4 24. Bh3 Bxh3 25. Kxh3 axb3 26. axb3 Nxb3 1/2-1/2

[Event "TUR-chT"]
[Site "Konya"]
[Date "2012.07.20"]
[Round "11"]
[White "Guliev, Sarhan"]
[Black "Keler, Faruk"]
[Result "1-0"]
[WhiteElo "2467"]
[BlackElo "2238"]
[PlyCount "57"]
[EventDate "2012.07.11"]
[EventType "team-tourn"]
[EventRounds "13"]
[EventCountry "TUR"]
[SourceTitle "CBM 149 Extra"]
[Source "ChessBase"]
[SourceDate "2012.08.24"]
[SourceVersion "1"]
[SourceVersionDate "2012.08.24"]
[SourceQuality "1"]
[WhiteTeam "Istanbul Pera"]
[BlackTeam "Adana Truva"]
[WhiteTeamCountry "TUR"]
[BlackTeamCountry "TUR"]

1. d4 d5 2. c4 c6 3. Nf3 Nf6 4. Nc3 dxc4 5. a4 Bf5 6. e3 e6 7. Bxc4 Bb4 8. 0-0 0-0 9. Nh4 Nbd7 10. Nxf5 exf5 11. Qc2 g6 12. f3 Rc8 13. Rd1 Qe7 14. a5 Rfd8 15. Qb3 Bd6 16. Qxb7 Rb8 17. Qxc6 Rb4 18. Nd5 Nxd5 19. Bxd5 Nf6 20. Ba2 Rxb2 21. Bxb2 Qxe3+ 22. Kh1 Nh5 23. Re1 Qf2 24. Re8+ Rxe8 25. Qxe8+ Kg7 26. Qxf7+ Kh6 27. Qb3 Nf4 28. Rg1 Ne2 29. Bc1+ 1-0